Senaristin Full Çekemeyeceği Metal Fight Beybladeçi Beyblade Eşleşmesi - Statistics

General Stats
  • This quiz has been taken 11 times
  • The average score is 33 of 55
Answer Stats
Beyblade'çi Beyblade'i % Correct
Sora(Gingka'nın ÇırağıOlduğunu Sanan Çocuk) Cyber Pegasus
89%
Gingka Pegasus
89%
Aleksey(Rusya) Burn Wolf
78%
Doji Dark Wolf
78%
Rago Diablo Nemesis
78%
Julian Konzern Gravity Destroyer
78%
Ryuga L-Drago
78%
Aguma Scythe Kronos
78%
Johannes Beat Lynx
67%
Masamune Blitz Striker
67%
Phoenix(Gingka'nın Babası) Burn Fireblaze
67%
Demure(3. Wild Fang Üyesi) Counter Scorpio
67%
Benkei Dark Bull
67%
Tsubasa Earth Eagle
67%
Chao Xin Earth Virgo
67%
Teru(Balerin) Earth Virgo
67%
Jack Evil Befall
67%
Yu Flame Libra
67%
Klaus Grand Capricorn
67%
Damian Hades Kerbecs
67%
Mei-Mei Hyper Aquario
67%
Dynamis Jade Jupiter
67%
Kyo Ya Leone
67%
Tetsuya(Yengeç) Mad Cancer
67%
Reiji Poison Serpent
67%
Dashan Rock Giraffe
67%
Dr. Zigurrat Spiral Capricorn
67%
Hikaru Storm Aquario
67%
Tobio(Kaptan Kapri) Storm Capricorn
67%
Chi-Yun Li Thermal Lacerta
67%
Ryutaro(Falcı) Thermal Pisces
67%
Faust Twisted Tempo
67%
Tithi Death Quetzalcoatl
56%
Motti(Johannesin YanındakiKedi Kılıklı Kız) Flame Gasher
56%
Pluto Fusion Hades
56%
Sophie Grand Cetus
56%
Selen Garcia Ray Gasher
56%
Argo Garcia Ray Gil
56%
Hyoma Rock Aries
56%
Toby Rock Aries
56%
Busujima(Yerel Beyblade Parkınıİşgal Eden Kötü Adam) Rock Scorpio
56%
Lera(Rusya) Rock Scorpio
56%
Kenta Sagittario
56%
Wales White Cetus
56%
Dan Sodo-Reiki Sodo(Dark Nebula İkizleri) Evil Gemios
44%
Zeo Flame Byxis
44%
Yuki Mercury Anubis
44%
Nowaguma(Rusya) Rock Orso
44%
King Variares
44%
Nile Vulcan Horuseus
44%
Herschel(Nemesis TarafındakiKel Yüzü Dövmeli Kişi) Duo Uranus
33%
Bao(Aguma'nın Dostu) Hades Crown
33%
Cycnus(Nemesis TarafındakiBembeyaz Giyinen Kişi Kreis Cygnus
22%
Ian Garcia Cyclone Herculeo
11%
Keyser(Nemesis Tarfındaki AğzıMaskeli Kişi) Bakushin Beelzeb
0%
No matching quizzes found
Score Distribution
Percent of People with Each Score
Percentile by Number Answered
Your Score History
You have not taken this quiz